La Liga players 2020/21 - Statistics

General Stats
  • This quiz has been taken 3 times
  • The average score is 295 of 570
Answer Stats
Rank Player Positions Nationality Matches Goals Assists Clubs % Correct
325 Aarón Martín DF, MF 19 0 3
100%
471 Alberto Moreno DF, MF 5 0 0
100%
418 Aleix García MF 11 0 1
100%
57 Alexander Isak FW 34 17 2
100%
464 Alex Baena MF, FW 6 0 0
100%
513 Álex Martín DF 2 0 0
100%
269 Álex Moreno DF 23 0 2
100%
1 Álex Remiro GK 38 0 0
100%
539 Álvaro Bravo MF 1 0 0
100%
419 Álvaro Giménez MF, FW 11 2 1
100%
2 Ángel Correa MF, FW 38 9 8
100%
78 Ángel Rodríguez MF, FW 33 5 0
100%
456 Ansu Fati MF, FW 7 4 0
100%
24 Antoine Griezmann MF, FW 36 13 7
100%
303 Borja García MF, FW 21 1 0
100%
186 Borja Iglesias FW 28 11 0
100%
59 Brais Méndez MF, FW 34 9 0
100%
208 Bruno González DF 27 1 0
100%
271 Carlos Bacca FW 23 5 0
100%
107 Carlos Soler DF, MF 32 11 8
100%
60 Casemiro MF 34 6 4
100%
317 Claudio Bravo GK 20 0 0
100%
79 Clément Lenglet DF 33 1 0
100%
129 Damián Suárez DF, MF 31 1 0
100%
25 Daniel Parejo MF 36 3 5
100%
209 Dani García MF 27 0 1
100%
39 David García DF, MF 35 1 0
100%
306 Denis Cheryshev MF, FW 21 0 3
100%
40 Denis Suárez MF, FW 35 0 9
100%
80 Diego Carlos DF 33 1 0
100%
326 Diego González DF 19 1 0
100%
547 Diego Llorente DF 1 0 0
100%
382 Eden Hazard MF, FW 14 3 2
100%
383 Éder Militão DF 14 1 0
100%
422 Emre Mor MF, FW 11 0 0
100%
256 Federico Valverde MF, FW 24 3 1
100%
131 Felipe DF 31 0 0
100%
132 Fernando DF, MF 31 3 4
100%
191 Francisco Trincão MF, FW 28 3 2
100%
374 Franco Vázquez MF, FW 15 1 0
100%
11 Frenkie de Jong DF, MF 37 3 4
100%
156 Geoffrey Kondogbia DF, MF 30 0 0
100%
82 Gerard Moreno MF, FW 33 23 7
100%
337 Gerard Piqué DF 18 0 0
100%
66 Germán Sánchez DF 34 3 1
100%
518 Gerónimo Rulli GK 2 0 0
100%
41 Guido Rodríguez MF 35 1 0
100%
363 Héctor Herrera MF 16 0 1
100%
520 Hugo Duro MF, FW 2 0 0
100%
84 Iago Aspas MF, FW 33 14 13
100%
429 Iglesias DF, MF, FW 10 0 0
100%
385 Ilaix Moriba MF, FW 14 1 2
100%
4 Iñaki Williams MF, FW 38 6 6
100%
193 Iñigo Martínez DF 28 1 0
100%
236 Isco MF, FW 25 0 2
100%
12 Ivan Rakitić MF 37 4 2
100%
5 Jan Oblak GK 38 0 0
100%
431 Jasper Cillessen GK 10 0 0
100%
397 Javi Martínez MF, FW 13 1 1
100%
364 Javi Sánchez DF 16 0 0
100%
136 Jeison Murillo DF 31 2 0
100%
67 Jesús Navas DF, FW 34 0 6
100%
43 Joan Jordán MF 35 1 6
100%
137 João Félix MF, FW 31 7 5
100%
44 Jordi Alba DF, MF 35 3 5
100%
15 Joselu FW 37 11 3
100%
90 José Luis Gayà DF, MF 33 1 7
100%
293 José Mari MF 22 1 0
100%
312 José María Giménez DF 21 0 0
100%
375 Juan Carlos MF, FW 15 0 1
100%
68 Jules Koundé DF 34 2 1
100%
460 Junior Firpo DF, MF, FW 7 1 1
100%
69 Karim Benzema FW 34 23 9
100%
451 Kevin Vázquez DF, MF 8 0 0
100%
196 Kieran Trippier DF, MF 28 0 6
100%
17 Koke MF 37 1 2
100%
45 Lionel Messi MF, FW 35 30 9
100%
71 Lucas Ocampos MF, FW 34 5 4
100%
260 Lucas Vázquez DF, MF, FW 24 2 5
100%
213 Luis Javier Suárez MF, FW 27 5 1
100%
114 Luis Suárez FW 32 21 3
100%
487 Luka Jović MF, FW 4 0 0
100%
47 Luka Modrić MF 35 5 3
100%
72 Luuk de Jong FW 34 4 0
100%
242 Manu García MF 25 0 0
100%
350 Manu Sánchez DF, MF 17 0 5
100%
138 Marc-André ter Stegen GK 31 0 0
100%
368 Marcelo DF, MF 16 0 2
100%
49 Marco Asensio MF, FW 35 5 2
100%
160 Marcos Acuña DF 30 1 2
100%
19 Marcos Llorente DF, MF, FW 37 12 11
100%
369 Mariano MF, FW 16 1 0
100%
139 Mario Hermoso DF 31 1 1
100%
177 Martin Braithwaite MF, FW 29 2 2
100%
489 Miguel Rodríguez DF, MF, FW 4 0 0
100%
92 Mikel Oyarzabal MF, FW 33 11 8
100%
330 Miralem Pjanić MF 19 0 0
100%
479 Moussa Dembélé MF, FW 5 0 0
100%
263 Munir El Haddadi MF, FW 24 4 2
100%
93 Nabil Fekir MF, FW 33 5 6
100%
264 Nacho DF 24 1 0
100%
281 Nacho DF 23 0 1
100%
94 Néstor Araujo DF 33 0 0
100%
462 Neto GK 7 0 0
100%
528 Nico Williams MF, FW 2 0 0
100%
95 Óliver Torres MF, FW 33 0 3
100%
163 Ousmane Dembélé MF, FW 30 6 3
100%
97 Pau Torres DF 33 2 2
100%
20 Pedri MF, FW 37 3 3
100%
504 Pepe Sánchez DF 3 0 0
100%
246 Pervis Estupiñán DF 25 0 0
100%
413 Philippe Coutinho MF, FW 12 2 2
100%
434 Ramiro Funes Mori DF, MF 10 0 0
100%
54 Raúl Albiol DF 35 0 0
100%
75 Raúl García MF, FW 34 5 1
100%
453 Raúl García DF, MF 8 1 0
100%
531 Raúl Navas DF 2 0 0
100%
564 Ricard Sánchez DF 1 0 0
100%
376 Rober Correa DF 15 0 2
100%
55 Roberto Torres MF, FW 35 7 1
100%
377 Rodri MF, FW 15 0 0
100%
301 Rodrygo MF, FW 22 1 6
100%
99 Roger Martí FW 33 12 4
100%
267 Ronald Araújo DF 24 2 1
100%
22 Rubén García MF, FW 37 3 5
100%
100 Saúl Ñíguez DF, MF 33 2 1
100%
532 Sergi García MF 2 0 0
100%
165 Sergiño Dest DF, FW 30 2 1
100%
32 Sergio Busquets MF 36 0 5
100%
568 Sergio González DF, MF 1 0 0
100%
101 Sergio Herrera GK 33 0 0
100%
102 Stefan Savić DF, MF 33 1 0
100%
77 Suso MF, FW 34 3 4
100%
8 Thibaut Courtois GK 38 0 0
100%
220 Thomas Lemar MF, FW 27 1 3
100%
353 Unai García DF 17 0 0
100%
23 Unai Simón GK 37 0 0
100%
533 Urko González MF 2 0 0
100%
354 Víctor Díaz DF 17 0 2
100%
372 Víctor Rodríguez MF, FW 16 0 0
100%
56 Vinicius Júnior MF, FW 35 3 3
100%
404 Willian José FW 13 3 1
100%
124 Yangel Herrera DF, MF, FW 32 3 1
100%
167 Yannick Carrasco DF, MF, FW 30 6 10
100%
104 Yassine Bounou GK 33 1 0
100%
205 Adnan Januzaj MF, FW 27 4 5
67%
341 Adrián López MF, FW 17 1 1
67%
381 Adrián Marín DF, MF 14 0 1
67%
168 Aitor Fernández GK 29 0 0
67%
405 Aleix Vidal DF, MF, FW 12 0 1
67%
234 Álex Fernández DF, MF, FW 25 4 1
67%
169 Alfonso Pedraza DF, MF, FW 29 1 2
67%
285 Álvaro Fernández GK 22 0 0
67%
34 Álvaro Negredo FW 35 8 4
67%
392 Álvaro Odriozola DF 13 2 0
67%
356 Andrés Fernández GK 16 0 0
67%
252 Andrés Guardado DF, MF, FW 24 1 0
67%
540 Ángel GK 1 0 0
67%
151 Ante Budimir FW 30 11 0
67%
170 Anthony Lozano MF, FW 29 3 1
67%
253 Aridane Hernández DF 24 0 0
67%
270 Aritz Elustondo DF 23 1 0
67%
465 Asier Illarramendi MF 6 0 0
67%
406 Augusto Fernández MF 12 0 0
67%
517 Borja Mayoral FW 2 0 0
67%
171 Bryan Gil DF, MF, FW 29 4 3
67%
254 Carles Aleñá MF, FW 24 2 2
67%
484 Carlos Dominguez DF 4 0 0
67%
359 Carlos Fernández MF, FW 16 1 2
67%
428 Chema DF, MF 10 0 0
67%
172 Cristian Tello DF, MF, FW 29 5 3
67%
272 Cucho MF, FW 23 2 3
67%
394 Dani Carvajal DF 13 0 2
67%
38 Daniel Wass DF, MF 35 4 1
67%
61 Dani Gómez MF, FW 34 2 2
67%
485 David Gil GK 4 0 0
67%
305 David Silva MF, FW 21 2 5
67%
188 David Soria GK 28 0 0
67%
109 Dimitri Foulquier DF, MF 32 0 4
67%
173 Domingos Duarte DF 29 1 0
67%
81 Édgar Méndez MF, FW 33 5 1
67%
63 Emerson DF, MF 34 1 4
67%
288 Enric Gallego FW 22 0 2
67%
361 Étienne Capoue MF 16 1 0
67%
450 Ezequiel Ávila MF, FW 8 0 0
67%
224 Ferland Mendy DF 26 1 0
67%
110 Fran Beltrán MF, FW 32 3 0
67%
289 Francis Coquelin DF, MF 22 0 0
67%
133 Gabriel Paulista DF 31 4 1
67%
408 Gastón Silva DF 12 0 0
67%
134 Gonçalo Guedes MF, FW 31 5 5
67%
519 Guillem Molina DF 2 0 0
67%
423 Helibelton Palacios DF 11 0 0
67%
235 Hugo Guillamón DF, MF 25 1 0
67%
396 Ibai Gómez MF, FW 13 0 1
67%
257 Igor Zubeldia DF, MF 24 1 1
67%
192 Iker Muniain MF, FW 28 5 3
67%
290 Iñigo Pérez DF, MF 22 0 0
67%
345 Jason DF, MF, FW 17 0 0
67%
440 Javi López DF, MF 9 0 0
67%
310 Jesús Vallejo DF 21 0 0
67%
211 Joaquín MF, FW 27 2 6
67%
237 Joaquín Fernández DF, MF 25 1 0
67%
339 Joel Robles GK 18 0 0
67%
239 Jordi Masip GK 25 0 0
67%
87 Jorge Molina FW 33 8 2
67%
387 José Ángel DF, MF 14 0 0
67%
486 José Antonio Miranda DF, MF 4 0 0
67%
6 José Luis Morales MF, FW 38 13 3
67%
278 Jota MF, FW 23 0 2
67%
348 Jota MF, FW 17 1 0
67%
365 Juan Foyth DF, MF 16 0 0
67%
366 Juanmi MF, FW 16 2 0
67%
294 Juan Miranda DF 22 1 2
67%
501 Juan Pérez GK 3 0 0
67%
424 Karim Rekik DF 11 0 0
67%
212 Kévin Gameiro FW 27 4 1
67%
295 Kévin Rodrigues DF, MF, FW 22 1 1
67%
258 Kike Pérez MF, FW 24 0 0
67%
259 Lee Kang-in MF, FW 24 0 4
67%
197 Lucas Pérez MF, FW 28 4 4
67%
328 Lucas Torreira MF 19 1 0
67%
367 Luis Milla MF 16 1 1
67%
296 Luis Pérez DF 22 0 0
67%
48 Manu Trigueros MF, FW 35 1 6
67%
159 Manu Vallejo MF, FW 30 5 0
67%
279 Marcos André MF, FW 23 4 1
67%
262 Mario Gaspar DF, MF 24 0 2
67%
50 Marko Dmitrović GK 35 1 0
67%
461 Martin Ødegaard MF, FW 7 0 0
67%
140 Martín Zubimendi MF 31 0 0
67%
142 Maxi Gómez FW 31 7 1
67%
229 Mikel Merino MF 26 2 4
67%
115 Mikel Rico MF 32 1 4
67%
52 Moi Gómez MF, FW 35 4 0
67%
231 Nacho Monreal DF 26 1 1
67%
74 Nacho Vidal DF 34 0 0
67%
389 Nehuén Pérez DF 14 0 0
67%
162 Nemanja Gudelj DF, MF 30 0 0
67%
28 Nolito MF, FW 36 7 5
67%
265 Oihan Sancet MF, FW 24 2 2
67%
244 Óscar de Marcos DF, FW 25 1 2
67%
178 Óscar Duarte DF 29 1 0
67%
214 Óscar Mingueza DF, MF 27 2 2
67%
340 Papu Gómez MF, FW 18 3 1
67%
117 Pere Milla MF, FW 32 4 3
67%
7 Rafa Mir MF, FW 38 13 1
67%
332 Rafa Soares DF 19 0 1
67%
144 Raphaël Varane DF, MF 31 2 0
67%
282 Renan Lodi DF, FW 23 1 2
67%
390 Riqui Puig MF, FW 14 1 0
67%
333 Rober DF, MF 19 0 1
67%
401 Roberto GK 13 0 0
67%
352 Roberto López MF, FW 17 3 0
67%
179 Roberto Soldado FW 29 9 0
67%
98 Robin Le Normand DF 33 0 1
67%
145 Rubén Duarte DF 31 1 1
67%
335 Rubén Peña DF, MF, FW 19 1 1
67%
121 Rui Silva GK 32 0 0
67%
402 Samuel Umtiti DF 13 0 0
67%
324 Sandro Ramírez MF, FW 20 5 1
67%
76 Santi Mina MF, FW 34 12 3
67%
444 Sergi Gómez DF 9 0 0
67%
180 Sergi Guardiola MF, FW 29 1 2
67%
219 Sergio Álvarez DF, MF 27 0 0
67%
181 Sergio Gómez DF, MF, FW 29 0 1
67%
379 Sergio Ramos DF 15 2 0
67%
378 Sergi Roberto DF, MF 15 1 2
67%
446 Šime Vrsaljko DF, MF 9 0 0
67%
147 Takefusa Kubo MF, FW 31 1 1
67%
508 Thomas Partey DF, MF 3 0 0
67%
103 Tomás Pina Isla MF 33 1 1
67%
481 Tomáš Vaclík GK 5 0 0
67%
203 Toni Kroos MF 28 3 10
67%
316 Toni Villa MF, FW 21 2 0
67%
232 Unai López MF 26 3 0
67%
250 Unai Núñez DF 25 1 1
67%
148 Uroš Račić MF 31 1 1
67%
222 William Carvalho MF 27 2 0
67%
283 Yeray Álvarez DF 23 1 0
67%
268 Yeremi Pino MF, FW 24 3 1
67%
9 Youssef En-Nesyri FW 38 18 0
67%
125 Yunus Musah MF, FW 32 1 0
67%
284 Yuri Berchiche DF, FW 23 1 3
67%
355 Aihen Muñoz DF 16 0 1
33%
183 Aïssa Mandi DF 28 3 1
33%
184 Aitor Ruibal DF, MF, FW 28 2 2
33%
391 Alejandro Blanco MF, FW 13 1 0
33%
33 Álex Berenguer DF, MF, FW 35 8 4
33%
537 Álex Millán FW 1 0 0
33%
514 Alfon MF 2 0 0
33%
105 Alfonso Espino DF 32 0 3
33%
126 Allan Nyom DF, MF 31 0 2
33%
515 Álvaro Tejero DF 2 0 0
33%
58 Anaitz Arbilla DF 34 0 1
33%
127 Ander Barrenetxea DF, MF, FW 31 3 0
33%
185 Ander Capa DF, MF, FW 28 2 1
33%
128 Ander Guevara MF 31 1 1
33%
106 Andoni Gorosabel DF 32 0 1
33%
483 Antonio Blanco MF 4 0 0
33%
35 Antonio Puertas MF, FW 35 3 5
33%
357 Antonio Sanabria MF, FW 16 3 0
33%
542 Aritz Arambarri DF 1 0 0
33%
36 Asier Villalibre FW 35 4 2
33%
358 Augusto Solari DF, MF 16 2 2
33%
187 Cala DF 28 3 0
33%
393 Carlos Akapo DF 13 1 0
33%
37 Carlos Clerc DF, MF 35 0 3
33%
287 Carlos Neva DF 22 0 0
33%
438 Christian Oliva MF 9 0 2
33%
342 Coke DF, MF 17 0 0
33%
495 Cristiano Piccini DF 3 0 0
33%
466 Damian Kądzior MF, FW 6 0 0
33%
472 Dani Raba MF, FW 5 0 0
33%
360 Darko Brašanac MF, FW 16 2 0
33%
108 Darwin Machís MF, FW 32 5 5
33%
152 David Timor DF, MF 30 0 0
33%
421 Denis Vavro DF 11 0 0
33%
210 Deyverson FW 27 1 3
33%
458 Diego Costa FW 7 2 0
33%
307 Diego Lainez MF, FW 21 0 2
33%
26 Dimitris Siovas DF 36 2 0
33%
62 Djené DF, MF 34 0 1
33%
153 Édgar Badía GK 30 0 0
33%
130 Edu Expósito MF 31 0 3
33%
459 Eliaquim Mangala DF 7 0 0
33%
189 Enes Ünal FW 28 4 2
33%
223 Enis Bardhi MF, FW 26 1 2
33%
318 Erick Cabaco DF 20 0 0
33%
154 Fabián Orellana MF, FW 30 6 2
33%
343 Facundo Roncaglia DF 17 1 1
33%
64 Fali DF, MF 34 0 0
33%
255 Fede San Emeterio MF 24 0 0
33%
319 Fede Vico MF, FW 20 0 0
33%
344 Fernando Niño FW 17 3 0
33%
3 Fernando Pacheco GK 38 0 0
33%
65 Florian Lejeune DF, MF 34 1 1
33%
362 Francisco Portillo MF, FW 16 0 1
33%
467 Gabriel Veiga DF, MF 6 0 0
33%
174 Gonzalo Melero MF, FW 29 7 1
33%
83 Gonzalo Verdú DF 33 0 2
33%
308 Guido Carrillo FW 21 3 2
33%
135 Hugo Mallo DF 31 3 1
33%
430 Iñigo Córdoba MF, FW 10 0 0
33%
338 Iñigo Lekue DF, MF, FW 18 0 0
33%
111 Isaac Carcelen DF, MF 32 0 1
33%
552 Isma Ruiz MF 1 0 0
33%
439 Ivan Šaponjić DF, FW 9 1 0
33%
309 Iván Villar GK 21 0 0
33%
86 Jaime Mata MF, FW 33 5 0
33%
386 Jaume Costa DF 14 0 1
33%
194 Jaume Doménech GK 28 0 0
33%
13 Javi Galán DF, FW 37 1 2
33%
521 Javi Moyano DF 2 0 0
33%
112 Jeremías Ledesma GK 32 0 0
33%
500 Joaquín Muñoz FW 3 0 0
33%
346 Johan Mojica DF, MF 17 0 0
33%
432 John Guidetti MF, FW 10 1 0
33%
468 John Joe MF, FW 6 0 0
33%
238 Jonathan Calleri FW 25 5 2
33%
311 Jon Bautista MF, FW 21 0 1
33%
347 Jon Guridi MF 17 0 1
33%
27 Jon Moncayola DF, MF 36 2 0
33%
158 Jon Morcillo MF, FW 30 2 2
33%
554 Jon Pacheco DF 1 0 0
33%
14 Jorge de Frutos MF, FW 37 4 9
33%
225 Jorge Miramón DF 26 0 3
33%
88 Jorge Pulido DF 33 1 0
33%
89 Josan DF, MF 33 4 2
33%
410 Joseba Zaldúa DF 12 0 0
33%
441 José Campaña MF 9 1 2
33%
176 Josema DF 29 0 1
33%
240 Joseph Aidoo DF 25 0 0
33%
349 Kenan Kodro DF, MF, FW 17 1 0
33%
195 Kenedy DF, MF, FW 28 4 3
33%
16 Kiké MF, FW 37 12 2
33%
91 Kike Barja MF, FW 33 2 3
33%
476 Kiko Olivas DF 5 0 0
33%
227 Loren Morón MF, FW 26 1 0
33%
70 Lucas Boyé FW 34 7 2
33%
113 Lucas Olaza DF 32 1 3
33%
241 Lucas Torró MF 25 0 1
33%
46 Luis Rioja MF, FW 35 4 2
33%
329 Marc Bartra DF, MF 19 0 1
33%
502 Marc Cardona MF, FW 3 0 0
33%
18 Marc Cucurella DF, MF, FW 37 3 2
33%
228 Martin Agirregabiria DF, MF 26 0 1
33%
398 Martín Merquelanz MF, FW 13 0 1
33%
141 Mathías Olivera DF, MF 31 0 0
33%
73 Mauro Arambarri MF 34 3 0
33%
243 Maxime Gonalons MF 25 0 1
33%
297 Míchel MF 22 2 0
33%
51 Mickael Malsa MF 35 1 0
33%
527 Miguel Ángel Rubio DF 2 0 0
33%
280 Mikel Balenziaga DF 23 0 1
33%
161 Mikel Vesga MF 30 0 1
33%
370 Modibo Sagnan DF 16 0 0
33%
230 Mouctar Diakhaby DF 26 1 0
33%
53 Nemanja Maksimović MF 35 1 0
33%
313 Nemanja Radoja DF, MF 21 0 2
33%
399 Nikola Vukčević MF 13 0 0
33%
371 Nino MF, FW 16 0 0
33%
116 Oier Sanjurjo DF, MF 32 0 2
33%
480 Oier Zarraga MF 5 0 0
33%
412 Okay Yokuşlu DF, MF 12 0 0
33%
321 Omenuke Mfulu DF, MF, FW 20 0 0
33%
29 Óscar Plano MF, FW 36 5 5
33%
323 Pablo Insua DF 20 0 0
33%
245 Pablo Maffeo DF 25 1 4
33%
216 Paco Alcácer FW 27 6 4
33%
96 Papakouli Diop MF 33 1 1
33%
433 Paul Akouokou DF, MF 10 0 0
33%
143 Paulo Oliveira DF 31 0 1
33%
400 Pedro Alcalá DF 13 0 0
33%
314 Pedro Bigas DF, MF 21 0 0
33%
266 Pedro León MF, FW 24 1 2
33%
299 Pedro López Muñoz DF 22 0 1
33%
300 Pere Pons MF 22 2 0
33%
21 Portu DF, MF, FW 37 8 3
33%
30 Raúl Guti MF 36 3 1
33%
118 Renato Tapia DF, MF 32 0 1
33%
565 Roberto Navarro MF, FW 1 0 0
33%
119 Rodrigo Battaglia MF 32 1 0
33%
454 Rodrigo Ely DF 8 1 0
33%
505 Rubén GK 3 0 0
33%
164 Rubén Alcaraz MF 30 1 0
33%
334 Rubén Blanco GK 19 0 0
33%
248 Rubén Rochina MF, FW 25 0 1
33%
315 Rubén Sobrino MF, FW 21 1 0
33%
120 Rúben Vezo DF 32 1 0
33%
199 Samuel Chukwueze MF, FW 28 4 2
33%
218 Sergi Enrich MF, FW 27 3 0
33%
31 Sergio Asenjo GK 36 0 0
33%
566 Sergio Benito FW 1 0 0
33%
146 Sergio Canales MF, FW 31 8 6
33%
445 Sergio Escudero DF, MF 9 1 0
33%
200 Sergio León MF, FW 28 2 0
33%
302 Sergio Postigo DF 22 0 0
33%
249 Shinji Okazaki MF, FW 25 1 1
33%
122 Shon Weissman DF, FW 32 6 1
33%
426 Sidnei DF 11 0 0
33%
415 Sofian Chakla DF 12 0 0
33%
201 Son DF, MF 28 0 0
33%
202 Takashi Inui MF, FW 28 1 0
33%
166 Tete Morente DF, MF, FW 30 2 5
33%
182 Thierry Correia DF 29 1 1
33%
380 Toni Lato DF, MF 15 1 0
33%
417 Toño DF, MF, FW 12 0 2
33%
403 Vicente Iborra MF 13 0 0
33%
123 Víctor Laguardia DF 32 0 1
33%
221 Víctor Ruiz DF, MF 27 2 0
33%
436 Vitolo MF, FW 10 0 0
33%
437 Waldo Rubio MF, FW 10 1 0
33%
427 Xabier Etxeita DF 11 0 0
33%
149 Ximo Navarro DF 31 1 1
33%
251 Yan Brice Eteki MF 25 0 0
33%
233 Yoshinori Mutō MF, FW 26 1 1
33%
470 Aarón Escandell GK 5 0 0
0%
511 Abdallahi Mahmoud MF 2 0 0
0%
535 Abdoulay Diaby DF, MF, FW 1 0 0
0%
512 Alberto Cifuentes GK 2 0 0
0%
206 Alberto Perea MF, FW 27 2 3
0%
373 Alberto Soro MF, FW 15 1 2
0%
536 Alejandro Blesa MF 1 0 0
0%
150 Alejandro Pozo Pozo DF, MF 30 0 0
0%
482 Álex Cantero MF, FW 4 0 0
0%
538 Álvaro Bastida MF 1 0 0
0%
286 Ángel Montoro MF 22 1 1
0%
516 Ante Palaversa MF 2 0 0
0%
207 Antonio Barragán DF, MF 27 0 3
0%
541 Antonio Sivera GK 1 0 0
0%
543 Barcia DF 1 0 0
0%
494 Bobby Adekanye MF, FW 3 0 0
0%
304 Borja Sainz MF, FW 21 1 0
0%
544 Burgui MF, FW 1 0 0
0%
448 Cárdenas GK 8 0 0
0%
457 Cheick Doukouré MF 7 0 0
0%
420 Cifu DF 11 0 0
0%
273 Dani Calvo DF 23 2 0
0%
274 Dani Escriche MF, FW 23 1 1
0%
545 Dani Plomer FW 1 0 0
0%
546 Darío Poveda MF, FW 1 0 0
0%
10 David Ferreiro MF, FW 37 2 4
0%
449 Domingos Quina MF, FW 8 2 0
0%
548 Edgar Sevikyan MF 1 0 0
0%
275 Emiliano Rigoni MF, FW 23 1 1
0%
549 Emmanuel Amankwaa Akurugu DF 1 0 0
0%
550 Eñaut Mendía FW 1 0 0
0%
384 Esteban Burgos DF 14 3 1
0%
496 Eugeni Valderrama MF, FW 3 0 0
0%
395 Facundo Ferreyra MF, FW 13 1 0
0%
407 Facundo Pellistri MF, FW 12 0 0
0%
155 Fidel DF, MF, FW 30 6 3
0%
190 Filip Malbašić MF, FW 28 0 1
0%
497 Francisco Reis Ferreira DF 3 0 0
0%
498 Giorgi Kochorashvili MF 3 0 0
0%
551 Hugo Sotelo MF 1 0 0
0%
276 Idrissa Doumbia MF 23 0 0
0%
499 Iñigo Vicente MF, FW 3 0 0
0%
291 Iván Alejo MF, FW 22 1 1
0%
85 Iván Marcone MF 33 0 0
0%
175 Jaime Seoane MF, FW 29 1 1
0%
157 Jairo Izquierdo DF, MF 30 1 0
0%
320 Javier Ontiveros MF, FW 20 2 1
0%
327 Jawad El Yamiq DF 19 0 1
0%
522 Jeison Lucumí MF 2 0 0
0%
42 Jens Jønsson MF 35 0 0
0%
523 John Donald DF, MF 2 0 0
0%
553 Jokin Ezkieta GK 1 0 0
0%
277 Jon Ander Garrido MF 23 0 0
0%
473 Jonás Ramalho DF 5 0 0
0%
292 Jony DF, MF, FW 22 0 2
0%
555 Jony Álamo MF 1 0 0
0%
474 Jordan Holsgrove MF 5 0 0
0%
409 Jorge Pombo MF, FW 12 1 0
0%
388 José Fontán DF 14 0 0
0%
524 Juan Brunet MF 2 0 0
0%
226 Juan Cruz Armada DF 26 0 0
0%
442 Juan Sánchez Miño DF, MF 9 0 0
0%
475 Kelechi Nwakali MF, FW 5 0 0
0%
556 Kingsley Fobi DF 1 0 0
0%
525 Koba Koindredi MF 2 0 0
0%
557 Koke Vegas GK 1 0 0
0%
526 Kuki MF 2 0 1
0%
558 Lauti MF 1 0 0
0%
477 Luisinho DF 5 0 0
0%
425 Luismi DF, MF 11 0 0
0%
559 Mamor Niang MF, FW 1 0 0
0%
560 Marc Baró DF 1 0 0
0%
261 Marcos Mauro López Gutiérrez DF 24 2 0
0%
478 Martín Montoya DF, MF 5 0 0
0%
488 Marvin DF, MF, FW 4 0 1
0%
411 Miguel Atienza MF 12 0 0
0%
298 Miguel Baeza MF, FW 22 1 0
0%
469 Miguel Gutiérrez DF 6 0 1
0%
561 Nano FW 1 0 0
0%
529 Nieto DF, FW 2 0 0
0%
562 Oriol Rey MF 1 0 0
0%
322 Óscar Rodríguez Arnaiz MF, FW 20 0 0
0%
503 Oussama Idrissi MF, FW 3 0 0
0%
215 Pablo Hervías DF, MF, FW 27 0 5
0%
443 Pablo Piatti MF, FW 9 0 0
0%
463 Patrick Cutrone FW 7 0 0
0%
452 Paulo Gazzaniga GK 8 0 0
0%
217 Pedro Mosquera MF 27 0 0
0%
331 Quini DF, MF 19 1 0
0%
414 Quique MF, FW 12 0 0
0%
530 Ramon Azeez MF 2 0 0
0%
563 Ramón Folch MF 1 0 0
0%
351 Recio MF 17 1 0
0%
247 Roque Mesa MF 25 1 0
0%
435 Rubén Yáñez GK 10 0 0
0%
506 Sabit Abdulai MF 3 0 0
0%
336 Saidy Janko DF 19 0 1
0%
198 Salvi MF, FW 28 2 0
0%
455 Sergio Arribas MF, FW 8 0 0
0%
507 Sergio Carreira DF 3 1 0
0%
567 Sergio Cubero Ezcurra MF 1 0 0
0%
569 Stephane Keller DF 1 0 0
0%
416 Tachi DF 12 0 0
0%
509 Tomás Tavares DF, MF 3 0 0
0%
490 Unai Arietaleanizbeaskoa MF, FW 4 0 0
0%
570 Unai Dufur DF 1 0 0
0%
204 Unai Vencedor Paris MF 28 0 0
0%
491 Vicente Esquerdo MF, FW 4 0 0
0%
534 Víctor Chust DF 2 0 0
0%
492 Victor Mollejo DF, MF, FW 4 0 0
0%
447 Yann Bodiger MF 9 0 0
0%
493 Yoel GK 4 0 0
0%
510 Youssouf Koné DF 3 0 0
0%
No matching quizzes found
Score Distribution
Percent of People with Each Score
Percentile by Number Answered
Your Score History
You have not taken this quiz